100 joueurs italiens avec la plus grosse valeur marchande - Statistiques

Statistiques générales
  • Ce quiz a été pris 126 fois
  • Le résultat moyen est 25 sur 100
Statistiques - réponses
Club Prix Réponse % Correct
Inter Milan 75 millions Nicolo Barella
90%
Paris SG 45 millions Gianluigi Donnarumma
86%
Al-Arabi 40 millions Marco Verratti
86%
Newcastle 50 millions Sandro Tonali
83%
Juventus 40 millions Federico Chiesa
78%
Inter Milan 60 millions Alessandro Bastoni
76%
Empoli 6,5 millions Simone Bastoni
76%
Lazio Rome 15 millions Ciro Immobile
75%
Naples 25 millions Giovanni Di Lorenzo
65%
Inter Milan 35 millions Federico Dimarco
63%
Juventus 18 millions Moise Kean
61%
AS Rome 35 millions Lorenzo Pellegrini
57%
Lazio Rome 7 millions Luca Pellegrini
57%
Aston Villa 27 millions Nicolo Zaniolo
57%
Arsenal 25 millions Jorginho
56%
Toronto 12 millions Lorenzo Insigne
55%
Sassuolo 18 millions Domenico Berardi
51%
Naples 18 millions Alex Meret
50%
Juventus 30 millions Manuel Locatelli
50%
Atalanta 22 millions Gianluca Scamacca
49%
Naples 35 millions Giacomo Raspadori
48%
Milan AC 20 millions Davide Calabria
43%
Naples 15 millions Matteo Politano
43%
Juventus 35 millions Nicolo Fagioli
41%
AS Rome 18 millions Gianluca Mancini
39%
Juventus 15 millions Fabio Miretti
38%
AS Rome 10 millions Leonardo Spinazzola
38%
Torino 8 millions Andrea Belotti
36%
West Ham 12 millions Emerson
34%
Tottenham 16 millions Guglielmo Vicario
33%
Tottenham 25 millions Destiny Udogie
32%
Inter Milan 25 millions Davide Frattesi
31%
Leeds United 18 millions Wilfried Gnonto
31%
Fribourg 12 millions Vincenzo Grifo
30%
Lazio Rome 18 millions Alessio Romagnoli
28%
AS Rome 20 millions Bryan Cristante
28%
Toronto 8 millions Federico Bernardeschi
26%
Juventus 12 millions Federico Gatti
26%
Genoa 16 millions Mateo Retegui
26%
Atalanta 40 millions Giorgio Scalvini
24%
Atalanta 6 millions Rafael Toloi
23%
Atalanta 7 millions Davide Zappacosta
19%
Lazio Rome 30 millions Mattia Zaccagni
19%
Lazio Rome 18 millions Nicolo Rovella
18%
Milan AC 14 millions Tommaso Pobega
18%
Lazio Rome 12 millions Ivan Provedel
17%
Monza 15 millions Matteo Pessina
16%
Villarreal 5 millions Matteo Gabbia
15%
Atalanta 4,5 millions Pierluigi Gollini
15%
Bologne 12 millions Riccardo Orsolini
15%
Inter Milan 8 millions Stefano Sensi
15%
AS Rome 5 millions Stephan El Shaarawy
15%
Lazio Rome 7,5 millions Manuel Lazzari
14%
Torino 20 millions Samuele Ricci
14%
Juventus 8 millions Andrea Cambiaso
13%
Al-Ittihad 15 millions Luiz Felipe
13%
Cagliari 10 millions Andrea Petagna
11%
Fiorentina 5 millions Cristiano Biraghi
11%
Lazio Rome 10 millions Danilo Cataldi
11%
Torino 10 millions Alessandro Buongiorno
10%
Sassuolo 15 millions Andrea Pinamonti
10%
Bologne 4,5 millions Riccardo Calafiori
9%
AS Rome 10 millions Edoardo Bove
8%
Fiorentina 10 millions Fabiano Parisi
8%
Naples 4,5 millions Gianluca Gaetano
8%
Atalanta 13 millions Marco Carnesecchi
8%
Empoli 15 millions Tommaso Baldanzi
8%
Leicester 12 millions Cesare Casadei
7%
Monza 5 millions Lorenzo Colombo
7%
Udinese 5 millions Lorenzo Lucca
7%
Monza 8 millions Michele Di Gregorio
7%
Lazio Rome 22 millions Nicolo Casale
7%
Atalanta 10 millions Caleb Okoli
6%
Fiorentina 10 millions Gaetano Castrovilli
6%
Gremio 6 millions Joao Pedro
6%
Torino 5 millions Raoul Bellanova
6%
Sassuolo 7 millions Mattia Viti
5%
Fiorentina 10 millions Rolando Mandragora
5%
Naples 6 millions Alessandro Zanoli
3%
Lecce 8 millions Federico Baschirotto
3%
Al-Duhail 7 millions Ibra Bamba
3%
Fiorentina 8 millions Riccardo Sottil
3%
Udinese 8 millions Simone Pafundi
3%
Inter Milan 6 millions Emil Audero
2%
Monza 8 millions Gianluca Caprari
2%
Udinese 5 millions Marco Silvestri
2%
Empoli 5 millions Matteo Cancellieri
2%
Bologne 6 millions Giovanni Fabbian
1%
Salernitana 8 millions Lorenzo Pirola
1%
Salernitana 6 millions Matteo Lovato
1%
Palerme 4,7 millions Matteo Luigi Brunori
1%
Salernitana 4,8 millions Pasquale Mazzocchi
1%
Lecce 5 millions Wladimiro Falcone
1%
CA Belgrano 5,5 millions Bruno Zapelli
0%
Salernitana 5,5 millions Giulio Maggiore
0%
Vasco Da Gama 6 millions Lucas Piton
0%
Atalanta 8 millions Nicolo Cambiaghi
0%
Monza 5 millions Patrick Ciurria
0%
Sassuolo 4,5 millions Samuele Mulattieri
0%
Sassuolo 4,5 millions Stefano Turati
0%
Aucun quiz correspondant
Distribution des résultats
% des personnes avec chaque résultat
Percentile par nombre de réponses
Votre historique - résultats
Vous n’avez pas pris ce quiz